The beginning and the end / (Record no. 2688)
[ view plain ]
| 000 -LEADER | |
|---|---|
| fixed length control field | 01251cac a22003371u 4500 |
| 008 - FIXED-LENGTH DATA ELEMENTS--GENERAL INFORMATION | |
| fixed length control field | 090119s1985 xxu||||| |||| 00| f eng d |
| 010 ## - LIBRARY OF CONGRESS CONTROL NUMBER | |
| LC control number | 89033116 |
| 020 ## - INTERNATIONAL STANDARD BOOK NUMBER | |
| International Standard Book Number | 0385264577 |
| 020 ## - INTERNATIONAL STANDARD BOOK NUMBER | |
| International Standard Book Number | 0385264585 (pbk.) |
| 020 ## - INTERNATIONAL STANDARD BOOK NUMBER | |
| International Standard Book Number | 9789774241123 |
| 020 ## - INTERNATIONAL STANDARD BOOK NUMBER | |
| International Standard Book Number | 9774241126 |
| 040 ## - CATALOGING SOURCE | |
| Language of cataloging | eng |
| 082 04 - DEWEY DECIMAL CLASSIFICATION NUMBER | |
| Classification number | 892.736 |
| Item number | MAH |
| Edition number | 22 |
| 100 1# - MAIN ENTRY--PERSONAL NAME | |
| Personal name | Mahfouz,Naguib. |
| 240 ## - UNIFORM TITLE | |
| Uniform title | <a href="bidaya wa nihaya.">bidaya wa nihaya.</a> |
| Language of a work | arabic. |
| 245 14 - TITLE STATEMENT | |
| Title | The beginning and the end / |
| Statement of responsibility, etc | Naguib Mahfouz ; translated by Ramses Awad ; edited by Mason Rossiter Smith. |
| 260 ## - PUBLICATION, DISTRIBUTION, ETC. (IMPRINT) | |
| Place of publication, distribution, etc | Cairo: |
| Name of publisher, distributor, etc | The American University in Cairo, |
| Date of publication, distribution, etc | c.1985. |
| 300 ## - PHYSICAL DESCRIPTION | |
| Extent | 412 p. ; |
| Dimensions | 22 cm. |
| 490 ## - Series Statement | |
| Series statement | Modern Arabic literature |
| 500 ## - GENERAL NOTE | |
| General note | English Translation of: bidaya wa nihaya.. |
| 500 ## - GENERAL NOTE | |
| General note | First published in Arabic in1949 as bidaya wa nihaya. |
| 650 ## - SUBJECT ADDED ENTRY--TOPICAL TERM | |
| Source of heading or term | BUEsh |
| 651 ## - SUBJECT ADDED ENTRY--GEOGRAPHIC NAME | |
| Geographic name | Egypt |
| General subdivision | Fiction |
| Source of heading or term | BUEsh |
| 653 ## - INDEX TERM--UNCONTROLLED | |
| Resource For college | Arabic Literature |
| Arrived date list | August2015 |
| 655 ## - INDEX TERM--GENRE/FORM | |
| Form subdivision | |
| -- | 34232 |
| 700 1# - ADDED ENTRY--PERSONAL NAME | |
| Personal name | Smith, Mason Rossiter, |
| Dates associated with a name | 1909- |
| 700 1# - ADDED ENTRY--PERSONAL NAME | |
| Personal name | Awad, Ramses |
| 9 (RLIN) | 1797 |
| 856 42 - ELECTRONIC LOCATION AND ACCESS | |
| Materials specified | Publisher description |
| Uniform Resource Identifier | <a href="http://www.loc.gov/catdir/description/random045/89033116.html">http://www.loc.gov/catdir/description/random045/89033116.html</a> |
| 856 42 - ELECTRONIC LOCATION AND ACCESS | |
| Materials specified | Contributor biographical information |
| Uniform Resource Identifier | <a href="http://www.loc.gov/catdir/enhancements/fy0666/89033116-b.html">http://www.loc.gov/catdir/enhancements/fy0666/89033116-b.html</a> |
| 942 ## - ADDED ENTRY ELEMENTS (KOHA) | |
| Item type | Book - Borrowing |
| Call number prefix | 892.736M2148 |
| Source of classification or shelving scheme | Dewey Decimal Classification |
| Withdrawn status | Item status | Source of classification or shelving scheme | Damaged status | Not for loan | Vendor | Home library | Current library | Shelving location | Date acquired | Source of acquisition | Total Checkouts | Total Renewals | Full call number | Barcode | Date last seen | Date last borrowed | Koha item type |
|---|---|---|---|---|---|---|---|---|---|---|---|---|---|---|---|---|---|
| Dewey Decimal Classification | AUC | Central Library | Central Library | Second Floor | 26/03/2007 | Purchase | 3 | 1 | 892.736 MAH | 000001813 | 30/01/2024 | 14/11/2021 | Book - Borrowing |